header

BMC control-M 7 (Record no. 205016)

MARC details
000 -LEADER
fixed length control field 01251nam a2200289 a 4500
100 1# - MAIN ENTRY--AUTHOR NAME
Personal name Ding, Qiang.
245 10 - TITLE STATEMENT
Title BMC control-M 7
260 ## - PUBLICATION, DISTRIBUTION, ETC. (IMPRINT)
Place of publication Birmingham :
Name of publisher Packt Pub.,
Year of publication 2012.
300 ## - PHYSICAL DESCRIPTION
Number of Pages viii, 514 p. :
Other physical details ill. (some col.)
500 ## - GENERAL NOTE
General note Includes index.
General note "Master one of the world's most powerful enterprise workload automation tools - BMC Control-M 7 - using this book."
650 #0 - SUBJECT ADDED ENTRY--TOPICAL TERM
Topical Term Electronic data processing
856 40 - ELECTRONIC LOCATION AND ACCESS
Uniform Resource Identifier http://site.ebrary.com/lib/rucke/Doc?id=10613351

No items available.

© 2026 Rongo University
Contact us: librarian | system librarian | Rongo university